000 00990nam a2200217Ia 4500
999 _c4294
_d4294
003 OSt
005 20200513142718.0
008 191128s1978 ck gr 000 0 spa d
040 _aCO-JMCR
_cCO-JMCR
041 0 _aspa
082 0 4 _a307.24098 /
_bC268d
_223
100 1 _aCardona Gutiérrez, Ramiro,
_eautor
_94285
245 1 0 _aDestino la metrópoli : Un modelo general de las migraciones en américa latina /
_cRamiro Cardona Gutierrez, Alan B. Simmons
260 _aBogotá :
_bCorporación Centro Regional de Población,
_c1978
300 _axvi, 238 páginas
_c23 cm.
505 _aHacia un modelo general de la migración interna en América Latina -- El contexto socioeconómico de la migración regional -- El proceso migratorio a la ciudad -- La selectividad de la migración en una perspectiva en el tiempo
650 1 4 _aMigración interna
_zAmérica Latina
_94286
650 2 4 _acontexto socioeconómico
_94287
700 1 _aSimmons, Alan B.
_eautor
_94288
942 _2ddc
_cBK